00885pam a2200265 i 450000100040000000500170000400800410002102000150006202000270007704000180010405000200012208200100014210000210015224500800017325000470025326000380030030000410033850500080037952000950038752100200048252100200050265000260052265000360054870000350058478120230710143857.0790307s1979 nyua j 000 1 eng  a0688221955 a068832195X (lib. bdg.) aDLCcDLCdDLC00aPZ7.C5792bRaif00a[Fic]1 aCleary, Beverly.10aRamona and her mother /cCleary, Beverly ; illustrated by Tiegreen, Alan . aThis edition first printing,September 2007 aNew York :bHarper Collins,c2007 a207 pages :billustrations ;c20 cm. aW  aRamona at 7 1/2 sometimes feels discriminated against by being the youngest in the family. a860 bLexile  aW bRaz-Plus  1aFamily lifexFiction. 1aMothers and daughtersxFiction.1 aTiegreen, Alan.cillustrator.